| 000 -ლიდერი |
| ფიქსირებული სიგრძის საკონტროლო ველი |
01841nam a2200241Ia 4500 |
| 001 - საკონტროლო ნომერი |
| საკონტროლო ველი |
21936 |
| 003 - საკონტროლო ნომრის იდენტიფიკატორი |
| საკონტროლო ველი |
GE_BSU |
| 005 - ბოლო ოპერაციის თარიღი და დრო |
| საკონტროლო ველი |
20220830122941.0 |
| 008 - ფიქსირებული სიგრძის მონაცემთა ელემენტები - ზოგადი ინფორმაცია |
| ფიქსირებული სიგრძის საკონტროლო ველი |
181216s ||||ge |||||||||||||| ||geo|| |
| 040 ## - კატალოგიზაციის წყარო |
| Transcribing agency |
GE_BSU |
| 041 ## - ენის კოდი |
| Language code of text/sound track or separate title |
geo |
| 080 ## - უნივერსალური ათობითი კლასიფიკაციის ინდექსი |
| Universal Decimal Classification number |
821.353.1-391 ი-33 |
| 245 ## - ცნობა სათაურის შესახებ |
| Title |
იგავ-არაკები / |
| Statement of responsibility, etc |
ძვ. ქართ. თარგმანიდან გადმოაკეთეს და დაამუშავეს ე. გიუნაშვილმა და ზ. კალანდაძემ ; რედ. მანანა ზუბადაშვილი ; მხატვ. მ. ჯაბუა. |
| 264 ## - წარმოების, გამოცემის, დისტრიბუციის და სხვა ცნობები |
| გამოცემის, წარმოების, დისტრიბუციის... ადგილი |
თბილისი : |
| გამოცემის, წარმოების, დისტრიბუციის... სახელწოდება |
ნაკადული, |
| გამოცემის, წარმოების, დისტრიბუციის... თარიღი |
1986. |
| 300 ## - ფიზიკური აღწერა |
| Extent |
151 გვ. ; |
| Dimensions |
16 სმ. |
| 500 ## - ზოგადი შენიშვნა |
| General note |
იგავ-არაკი არის ლირიკულ-ეპიკური ჟანრის ნაწარმოები, ზნეობრივ დამრიგებლური ხასიათის თხზულება. მისი გმირები არიან ცხოველები, მცენარეები, საგნები, მაგრამ იგულისხმებიან ადამიანები. საფუძვლად უდევს შედარება. ახასიათებს ნართაული თქმა, ალეგორიულობა, სატირულ-იუმორისტული ხასიათისაა. |
| 653 ## - INDEX TERM--UNCONTROLLED |
| Uncontrolled term |
იგავ-არაკები |
| 653 ## - INDEX TERM--UNCONTROLLED |
| Uncontrolled term |
ქართული ლიტერატურა |
| 700 ## - ADDED ENTRY--PERSONAL NAME |
| Personal name |
ზუბადაშვილი, მანანა |
| Relator term |
რედაქტორი |
| 9 (RLIN) |
14558 |
| 700 ## - ADDED ENTRY--PERSONAL NAME |
| Personal name |
ჯაბუა, მ. |
| Relator term |
მხატვარი |
| 9 (RLIN) |
5766 |
| 942 ## - ADDED ENTRY ELEMENTS (KOHA) |
| Koha item type |
წიგნი |
| Source of classification or shelving scheme |
|